000 00620nam a2200205Ii 4500
003 JO-AjNU
008 230605s9999||||xx |||||||||||||| ||und||
017 _a2019/6/3101
040 _aJO-AjNU
_bara
_erda
_cJO-AjNU
041 _aara
050 1 4 _aPJ7808.A2132.Q36.2019
100 3 _aابو الهيجاء، عمر,
_eauthor
_962671
245 0 0 _aقنص متواصل: شعر
264 3 1 _aعمان: وزارة الثقافة، 2019
300 _a139ص
336 _atext
_btxt
_2rdacontent
337 _aunmediated
_bn
_2rdamedia
338 _avolume
_bnc
_2rdacarrier
650 4 _aالشعر العربي
_962672
999 _aA28390
_c31958
_d31958